000
00203 a2200097 4500
001
57430
100
_a
245
_a
Wuthering Heights
260
_a
NY
_b
Classic Love story
_c
1985
090
_c
35160
_d
35160
942
_a
NUST-CAE
_c
_c
27959
999
_c
292503
_d
292503